| 000 | 01063 a2200229 4500 | ||
|---|---|---|---|
| 001 | 40843 | ||
| 005 | 20260407155703.0 | ||
| 008 | 260407a2015 arg spa d | ||
| 003 | AR-UNSa-BCEJYS | ||
| 040 |
_aAR-UNSa-BCEJYS _bspa _cAR-UNSa-BCEJYS |
||
| 080 |
_a378 _xEnseñanza superior. Universidades. Escuelas especiales |
||
| 245 | 1 | 0 |
_aLa didáctica de las cátedras universitarias _pestilos de enseñanza y planificación de clases |
| 020 | _a978-987-538-435-4 | ||
| 264 | 1 |
_aBuenos Aires : _bNoveduc _c2015 |
|
| 300 |
_a182 p. _c28 cm. |
||
| 505 | _a1. El estilo: las fases de su investigación - 2. La transmisión resistida - 3. La profesionalización simulada - 4. La iniciación divergente - 5. La deliberación profesionalizante - 6. La regulación transformadora - 7. La cátedra universitaria: acerca de sus estilos de enseñanza | ||
| 041 | _aspa | ||
| 942 | _cBK | ||
| 590 | _aniveau_biblio:m niveau_hierar:0 | ||
| 100 | 1 | _aMonetti, Elda M. | |
| 856 | 4 | 1 |
_uhttps://biblioeco.unsa.edu.ar/pmb/images/libros/L126304.jpg _yImagen de portada _qimage/jpeg |
| 999 |
_c3315 _d3315 |
||